الاسبلة العثمانية بمدينة القاهرة، ١٥١٧-١٧٩٨ / al-Asbilah al-ʻUthmānīyah bi-madīnat al-Qāhirah, 1517-1798

محفوظ في:

المؤلف الرئيسي: Maḥmūd Ḥāmid Ḥusaynī .

التنسيق: كتاب

اللغة: Undetermined

منشور في: Al-Qāhirah : Maktabat Madbūlī, 1988.

الموضوعات:

الوسوم: إضافة وسم

لا توجد وسوم, كن أول من يضع وسما على هذه التسجيلة!

رقم الطلب: NA9415 .C34 H87

LEADER 00739nam a2200181Ia 4500
008 240329s9999||||xx |||||||||||||| ||und||
020 |a 978-9771330943 
050 4 |a NA9415 .C34 H87 
100 1 |a Maḥmūd Ḥāmid Ḥusaynī . 
245 1 0 |a الاسبلة العثمانية بمدينة القاهرة، ١٥١٧-١٧٩٨ / al-Asbilah al-ʻUthmānīyah bi-madīnat al-Qāhirah, 1517-1798  |c Maḥmūd Ḥāmid Ḥusaynī  
264 1 |a Al-Qāhirah :  |b Maktabat Madbūlī,  |c 1988. 
300 |a 575  |b illustrations  |c 28 
650 |a Architecture Egypt Cairo 
650 |a Architecture Égypte Le Caire 
650 |a Architecture moderne Le Caire (Égypte) 19e siècle  
650 |a Art islamique Égypte Le Caire 
942 |2 lcc  |c BK 
999 |c 57785  |d 57785